| 000 | 00366nam a22001217a 4500 | ||
|---|---|---|---|
| 082 | _a200 THE | ||
| 100 |
_aMUHAMMAD ALI REHMAN _970440 |
||
| 245 | _aTH-SOF-1017-STRATEGIC ROLE AND IMPORTANCE OF HR IN A CONSTRUCTION COMPANY | ||
| 260 |
_aISLAMABAD _bNUST COLLEGE OF EME _c2014 |
||
| 650 |
_aMS-EM-6 MSTHESIS _970416 |
||
| 700 |
_a DR JAVAID IQBAL _931386 |
||
| 942 | _cCF | ||
| 999 |
_c577419 _d577419 |
||